000 00924nam a22002535a 4500
005 20130521162752.0
008 080826t xxu||||| |||| 00| 0 eng d
010 _aB-276265-302
020 _a8131700720
_c250.00
035 _aB-276265-302
037 _a064/10.6.08
_bUBH
040 _aDPL
_bEnglish
082 _a480
100 _aThorpe, Edgar
245 _aObjective english /
_cby Edgar Thorpe [and] Showick Thorpe
250 _a2nd ed
260 _aDelhi
_bPearson Education
_c2008
300 _aix, 628p.
_c24 cm (pbk)
500 _a.
700 _aThorpe, Showick
942 _2ddc
_cEN
_h480
_mTHO
999 _c15082
_d15082